Egy óvoda három évtizede Brunszvik Teréz hagyományaira építenek

Bibliographic Details
Main Authors: Száz, Ildikó, 1970- (ain), Kleinné Szombat, Marianna (Author, uin)
Format: Article
Language:Hungarian
PhysicalDescription:Fotogr.
Subjects:

MARC

LEADER 00000nab a2200000 a 4500
001 vtls000692754
003 SK-MaSNL
005 20260319075540.0
008 160405c1999 xo 0 hun
015 |a SNBRB1999/04-10624 
035 |a CLN000044921 
040 |a SNKBUCL  |b slo  |c SNKBUCL  |e AACR2 
041 0 |a hun 
044 |a xo  |c SK 
080 |a 373.24(437.623)  |2 1997 
100 1 |a Száz, Ildikó,  |d 1970-  |4 ain  |9 103403 
245 1 0 |a Egy óvoda három évtizede  |b Brunszvik Teréz hagyományaira építenek  |c Száz Ildikó, Kleinné Szombat Marianna 
300 |b Fotogr. 
610 7 |a Materská škola Ul. Cyrila-Metoda (Nové Zámky, Slovensko)  |2 snkbucl  |9 889208 
651 7 |a 404  |2 snkbucl  |9 296361 
655 7 |a články z novín a časopisov  |2 snkbucl  |9 267496 
700 1 |a Kleinné Szombat, Marianna  |4 aut  |4 uin  |9 889209 
773 0 |t Szabad újság  |g Roč. 7, č. 17 (1999), s. 9 
850 |a Slovenská národná knižnica v Martine 
852 |a SNK  |b KIS3GCP 
958 |a HU 
958 |a SK 
958 |a RBX 
999 |c 1410178  |d 1412108